ZfB: Zeitschrift für Betriebswirtschaft

Na minha lista:
Detalhes bibliográficos
Formato: Periódico
Idioma:alemão
Publicado em: Wiesbaden Betriebswirtschaftlicher Verlag 1979
Tags: Adicionar Tag
Sem tags, seja o primeiro a adicionar uma tag!

MARC

LEADER 00000nas2a2200000 4500
001 s124466
005 20250730114225.6
041 0 |a ger 
044 |a DE 
245 1 0 |a ZfB: Zeitschrift für Betriebswirtschaft 
264 1 |a Wiesbaden  |b Betriebswirtschaftlicher Verlag  |c 1979 
300 |a 2 zv. 
773 0 |w eu_un_cat*s120295